<?xml version="1.0" encoding="UTF-8"?>
<record
    xmlns:xsi="http://www.w3.org/2001/XMLSchema-instance"
    xsi:schemaLocation="http://www.loc.gov/MARC21/slim http://www.loc.gov/standards/marcxml/schema/MARC21slim.xsd"
    xmlns="http://www.loc.gov/MARC21/slim">

  <leader>01267nam a22002057a 4500</leader>
  <controlfield tag="005">20260617112101.0</controlfield>
  <datafield tag="010" ind1=" " ind2=" ">
    <subfield code="a">HIN-131380</subfield>
  </datafield>
  <datafield tag="020" ind1=" " ind2=" ">
    <subfield code="c">499.00 </subfield>
    <subfield code="a">9789356407473</subfield>
  </datafield>
  <datafield tag="035" ind1=" " ind2=" ">
    <subfield code="a">HN-103726</subfield>
  </datafield>
  <datafield tag="037" ind1=" " ind2=" ">
    <subfield code="b">DBAD</subfield>
  </datafield>
  <datafield tag="082" ind1=" " ind2=" ">
    <subfield code="a">220.2</subfield>
  </datafield>
  <datafield tag="100" ind1=" " ind2=" ">
    <subfield code="a">&#x917;&#x923;&#x93E;&#x924;&#x94D;&#x930;&#x93E;, &#x905;&#x92E;&#x940;</subfield>
  </datafield>
  <datafield tag="245" ind1=" " ind2=" ">
    <subfield code="a">&#x930;&#x93E;&#x92E;&#x93E;&#x92F;&#x923; &#x915;&#x93E; &#x905;&#x928;&#x93E;&#x935;&#x930;&#x923;:</subfield>
    <subfield code="b">&#x905;&#x92E;&#x940; &#x917;&#x923;&#x93E;&#x924;&#x94D;&#x930;&#x93E;;  &#x92A;&#x94D;&#x930;&#x91C;&#x94D;&#x91E;&#x93E; &#x92C;&#x902;&#x915;&#x93E; &#x935; &#x905;&#x928;&#x902;&#x924; &#x916;&#x947;&#x924;&#x93E;&#x928; &#x926;&#x94D;&#x935;&#x93E;&#x930;&#x93E; &#x905;&#x928;&#x941;&#x935;&#x93E;&#x926;&#x93F;&#x924;</subfield>
    <subfield code="c">&#x90B;&#x937;&#x93F; &#x935;&#x93E;&#x932;&#x94D;&#x92E;&#x940;&#x915;&#x93F; &#x915;&#x947; &#x92E;&#x939;&#x93E;&#x915;&#x93E;&#x935;&#x94D;&#x92F; &#x915;&#x947; &#x905;&#x91C;&#x94D;&#x91E;&#x93E;&#x924; &#x92A;&#x939;&#x932;&#x941; /</subfield>
  </datafield>
  <datafield tag="260" ind1=" " ind2=" ">
    <subfield code="a">&#x928;&#x908; &#x926;&#x93F;&#x932;&#x94D;&#x932;&#x940;</subfield>
    <subfield code="b">&#x92C;&#x94D;&#x932;&#x942;&#x92E;&#x94D;&#x938;&#x92C;&#x942;&#x930;&#x940; &#x92A;&#x92C;&#x94D;&#x932;&#x93F;&#x936;&#x93F;&#x902;&#x917; &#x907;&#x902;&#x921;&#x93F;&#x92F;&#x93E; &#x92A;&#x94D;&#x930;&#x93E;&#x907;&#x935;&#x947;&#x91F; &#x932;&#x93F;&#x92E;&#x93F;&#x91F;&#x947;&#x921;</subfield>
    <subfield code="c">2024  </subfield>
  </datafield>
  <datafield tag="270" ind1=" " ind2=" ">
    <subfield code="b">&#x928;&#x908; &#x926;&#x93F;&#x932;&#x94D;&#x932;&#x940;</subfield>
    <subfield code="a">&#x926;&#x94D;&#x935;&#x93F;&#x924;&#x940;&#x92F; &#x92B;&#x94D;&#x932;&#x94B;&#x930;,&#x90F;&#x932;&#x90F;&#x938;&#x938;&#x940; &#x92C;&#x93F;&#x932;&#x94D;&#x921;&#x93F;&#x902;&#x917; &#x928;&#x902;.4,&#x921;&#x940;&#x921;&#x940;&#x90F; &#x915;&#x94D;&#x92A;&#x92E;&#x94D;&#x92A;&#x94D;&#x932;&#x947;&#x915;&#x94D;&#x938;,&#x92A;&#x949;&#x915;&#x947;&#x91F; &#x938;&#x940;-6 &#x914;&#x930;7 &#x935;&#x938;&#x902;&#x924; &#x915;&#x941;&#x902;&#x91C;,</subfield>
    <subfield code="e">110070</subfield>
  </datafield>
  <datafield tag="300" ind1=" " ind2=" ">
    <subfield code="a">261&#x92A;&#x943;;</subfield>
    <subfield code="c">20&#x938;&#x947;&#x92E;&#x940; (&#x905;&#x91C;&#x93F;&#x932;&#x94D;&#x926;)</subfield>
  </datafield>
  <datafield tag="700" ind1=" " ind2=" ">
    <subfield code="a">&#x92C;&#x902;&#x915;&#x93E; ,&#x92A;&#x94D;&#x930;&#x91C;&#x94D;&#x91E;&#x93E; </subfield>
    <subfield code="9">76612</subfield>
  </datafield>
  <datafield tag="700" ind1=" " ind2=" ">
    <subfield code="a">&#x916;&#x947;&#x924;&#x93E;&#x928;,&#x905;&#x928;&#x902;&#x924; </subfield>
  </datafield>
  <datafield tag="942" ind1=" " ind2=" ">
    <subfield code="2">ddc</subfield>
    <subfield code="c">HN</subfield>
    <subfield code="m">&#x917;&#x923;&#x93E;&#x924;&#x94D;&#x930;&#x93E;</subfield>
    <subfield code="h">220.2</subfield>
  </datafield>
  <datafield tag="999" ind1=" " ind2=" ">
    <subfield code="c">216687</subfield>
    <subfield code="d">216687</subfield>
  </datafield>
  <datafield tag="952" ind1=" " ind2=" ">
    <subfield code="0">0</subfield>
    <subfield code="1">0</subfield>
    <subfield code="4">0</subfield>
    <subfield code="7">1</subfield>
    <subfield code="8">NFIC</subfield>
    <subfield code="a">DBAD</subfield>
    <subfield code="b">DBAD</subfield>
    <subfield code="d">2026-06-16</subfield>
    <subfield code="e">DBAD</subfield>
    <subfield code="g">499.00</subfield>
    <subfield code="l">0</subfield>
    <subfield code="o">220.2 &#x917;&#x923;&#x93E;&#x924;&#x94D;&#x930;&#x93E; </subfield>
    <subfield code="p">HN-103726</subfield>
    <subfield code="r">2026-06-16 12:27:25</subfield>
    <subfield code="t">1</subfield>
    <subfield code="v">499.00</subfield>
    <subfield code="w">2026-06-16</subfield>
    <subfield code="y">HN</subfield>
  </datafield>
</record>
